| 000 | 00759nam a22002057a 4500 | ||
|---|---|---|---|
| 999 |
_c21384 _d21384 |
||
| 003 | OSt | ||
| 005 | 20210604034858.0 | ||
| 008 | 170127b xxu||||| |||| 00| 0 eng d | ||
| 020 | _a0201694719 | ||
| 040 |
_aMMU _cMMU _dMMU _beng |
||
| 050 | 0 | 0 |
_aQA76.9.D26 _bH477 1997 |
| 100 | 1 |
_aHernandez, Michael J. _q(Michael James), _d1955- |
|
| 245 | 1 | 0 |
_aDatabase design for mere mortals : _ba hands-on guide to relational database design / _cMichael J. Hernandez ; [foreword by Ken Getz]. |
| 260 |
_aReading, Mass. : _bAddison-Wesley Developers Press, _cc1997. |
||
| 300 |
_axl, 440 p. : _bill. ; _c23 cm. |
||
| 500 | _aIncludes bibliographical references (p. 433) and index. | ||
| 650 | 0 | _aDatabase design. | |
| 650 | 0 | _aRelational databases. | |
| 942 |
_2lcc _cLOAN LOAN |
||